000 01605nam0a22003011 4500
001 rc\4269371
005 20250612034040.0
021 _aRU
_b[62-19732]
035 _a(NLR Aleph) 008487606
090 _a8029589
_c8029589
100 _a20130416d1961 |||y0rusy50 ca
101 0 _arus
102 _aRU
105 _aa j |||||
200 1 _aСтенограмма лекции на тему "Некоторые вопросы городского движения и транспорта в планировке и застройке городов"
_fЛектор инж. И.В. Бордуков
_gВысш. инж. курсы Акад. строительства и архитектуры СССР
210 _aМосква
_cБ. и.
_d1961
215 _a41 с.
_cил.
_d28
300 _aНа обл. загл.: Некоторые вопросы городского движения и транспорта в планировке и застройке городов
512 0 _aНекоторые вопросы городского движения и транспорта в планировке и застройке городов
606 _aТранспортные сети, городские
_xПланировка
_2psbo
606 _aГородской транспорт
_xПроектирование
_2psbo
606 _aГорода
_xПланировка и строительство
_2psbo
700 1 _aБордуков
_bИ.В.
_gИван Власьевич
801 0 _aRU
_bNLR
_gpsbo
801 1 _aRU
_bELAR
_2rusmarc
852 _aNLR
_j62-8/956
942 _cBOOK
980 _aNB